El seguro de crédito de exportación

Guardat en:
Dades bibliogràfiques
Autor principal: Bulnes Cerda, Arturo (Autor)
Format: Llibre
Idioma:espanyol
Publicat: Santiago Jurídica de Chile 1967
Col·lecció:Memoria, 22
Matèries:
Etiquetes: Afegir etiqueta
Sense etiquetes, Sigues el primer a etiquetar aquest registre!

MARC

LEADER 00000nam a2200000 a 4500
001 UCS2777
003 CL-VaPUC
008 970606e19670000CL |||||||||||||||||spa|d
082 0 4 |a 368.87  |b BUL  |2 21 
100 0 |a Bulnes Cerda, Arturo  |e author  |9 388583 
245 1 3 |a El seguro de crédito de exportación 
300 |a 115 p 
942 |c BK 
945 |d 19970606 00:00:00  |a lriquelm 
260 |a Santiago  |b Jurídica de Chile  |c 1967 
650 7 |a SEGURO DE CREDITO  |2 CL-VaPUC  |9 388584 
650 7 |a SEGUROS DE CREDITO EXPORTACIONES  |2 CL-VaPUC  |9 388585 
650 7 |a SEGURO DE CREDITO EXTERIOR  |2 CL-VaPUC  |9 388586 
650 7 |a PROYECTO DE LEY  |2 CL-VaPUC  |9 388587 
650 7 |a CREDITO DE EXPORTACION  |2 CL-VaPUC  |9 388588 
583 |a last modification  |c 19970606 00:00:00  |k Rodrigo Vera 
490 0 |a Memoria, 22 
999 |c 260710  |d 260708 
952 |0 0  |1 0  |4 0  |6 368_870000000000000_BUL_1967  |7 0  |8 P  |9 287002  |a BIBDER  |b BIBDER  |d 2019-11-19  |i 1864432  |o 368.87 BUL 1967  |p 1864432  |r 2023-01-25  |w 2019-11-19  |y BK  |k DER